[Event "Wch U18"]
[Site "Oropesa del Mar"]
[Date "1998.11.02"]
[Round "7"]
[White "Varela, Gaston"]
[Black "Fontaine, Robert"]
[Result "1/2-1/2"]
[WhiteElo "2270"]
[BlackElo "2360"]

1.d4 Nf6 2.Nf3 d5 3.c4 c6 4.Nc3 e6 5.e3 Nbd7 6.Qc2 Bd6 7.Be2 O-O 8.O-O dxc4
9.Bxc4 Qe7 10.h3 e5 11.a3 Bb8 12.Rd1 Nb6 13.dxe5 Nxc4 14.exf6 gxf6 15.Ne2 Ne5
16.Nxe5 fxe5 17.e4 f5 18.exf5 Bxf5 19.Qd2 Bc7 20.Qg5+ Qxg5 21.Bxg5 Bb6 22.Be3 Bxe3
23.fxe3 Rad8 24.Ng3 Bd3 25.Rac1 e4 26.Nh5 Rf5 27.Nf4 Rb5 28.Rd2 Re8 29.Rc3 a5
30.Nxd3 Rd8 31.Kf2 exd3 32.b3 Rbd5 33.Kg3 Re5 34.Kf4 Rb5 35.e4 Rf8+ 36.Ke3 Re5
37.Kd4 Rfe8 38.Rcxd3 Rxe4+ 39.Kc5 R4e5+ 40.Kb6 Rb5+ 41.Kc7 Re7+ 42.Kc8 h5
43.Rf3 Kg7 44.g3 Re8+ 45.Kc7 Re7+ 46.Rd7 Rxd7+ 47.Kxd7 Kg6  1/2-1/2

[Event "Wch U18"]
[Site "Oropesa del Mar"]
[Date "1998.11.02"]
[Round "7"]
[White "Johannessen, Leif Erlend"]
[Black "Kundin, Alexander"]
[Result "1/2-1/2"]
[WhiteElo "2290"]
[BlackElo "2430"]

1.d4 d5 2.c4 c6 3.Nc3 Nf6 4.Nf3 e6 5.e3 Nbd7 6.Qc2 Bd6 7.Bd2 O-O 8.h3 c5
9.cxd5 exd5 10.Be2 b6 11.O-O Bb7 12.Rfd1 Ne4 13.Be1 Ndf6 14.dxc5 bxc5 15.Nxe4 Nxe4
16.Qa4 Qf6 17.Qc2 Rac8 18.Qd3 Rfd8 19.Rac1 h6 20.a3 Bc7 21.b4 c4 22.Qd4 Qc6
23.Qb2 Bb6 24.Nd4 Qf6 25.Bg4 Rc7 26.Bc3 Qg6 27.Qe2 Re7 28.Ba1 Ree8 29.Kh1 Bc7
30.Bf3 f5 31.g3 Qf7 32.Rg1 Kh7 33.Bh5 g6 34.Bf3 Bc8 35.Kg2 Ng5 36.h4 Ne4
37.Qc2 Qd7 38.Rh1 h5 39.Ne2 Bb7 40.Bd4 Bb8 41.Rhd1 Bc6 42.Nc3 Qd6 43.Ne2 Qd7
44.Nc3 Qd6  1/2-1/2

[Event "Chigorin mem"]
[Site "St. Petersburg"]
[Date "1998.11.02"]
[Round "3"]
[White "Evseev, Denis"]
[Black "Ignatiev, Alexander"]
[Result "1-0"]
[WhiteElo "2470"]
[BlackElo "2285"]

1.d4 d5 2.c4 c6 3.Nf3 Nf6 4.Nc3 e6 5.e3 Nbd7 6.Bd3 dxc4 7.Bxc4 b5 8.Bd3 a6
9.e4 c5 10.d5 c4 11.Bc2 Qc7 12.O-O Bd6 13.dxe6 fxe6 14.Nd4 Nb6 15.Kh1 Bd7
16.f4 e5 17.Nf3 Bg4 18.a4 b4 19.a5 bxc3 20.axb6 Qxb6 21.Ba4+ Kf7 22.fxe5 cxb2
23.exf6 bxa1=Q 24.Qd5+ Kf8 25.fxg7+ Qxg7 26.Nd4+ Bf4 27.Ba3+ Qe7 28.Rxf4+  1-0

[Event "Chigorin mem"]
[Site "St. Petersburg"]
[Date "1998.11.04"]
[Round "5"]
[White "Evseev, Denis"]
[Black "Galkin, Alexander"]
[Result "1/2-1/2"]
[WhiteElo "2470"]
[BlackElo "2540"]

1.d4 d5 2.c4 c6 3.Nf3 Nf6 4.Nc3 e6 5.e3 Nbd7 6.Qc2 Bd6 7.Bd3 O-O 8.O-O dxc4
9.Bxc4 b5 10.Be2 Bb7 11.Rd1 Qc7 12.e4 e5 13.g3 Rfe8 14.a3 a6 15.dxe5 Nxe5
16.Bg5 Nxf3+ 17.Bxf3 Be5  1/2-1/2

[Event "Donetzk zt"]
[Site "Donetsk"]
[Date "1998.11.06"]
[Round "5"]
[White "Moskalenko, Viktor"]
[Black "Berezin, Oleg"]
[Result "0-1"]
[WhiteElo "2500"]
[BlackElo "2455"]

1.d4 d5 2.c4 c6 3.Nc3 Nf6 4.Nf3 e6 5.e3 Nbd7 6.Bd3 dxc4 7.Bxc4 b5 8.Bd3 a6
9.e4 c5 10.d5 c4 11.Bc2 Qc7 12.O-O Bc5 13.dxe6 fxe6 14.e5 Nxe5 15.Bf4 Bd6
16.Nd4 Rb8 17.Bg3 O-O 18.Qe2 Re8 19.Rad1 Nf7 20.Ne4 Nxe4 21.Qxe4 g6 22.Bxd6 Nxd6
23.Qe5 Rb6 24.a4 bxa4 25.Bxa4 Rf8 26.Nxe6 Bxe6 27.Qxe6+ Nf7 28.Qe2 Ne5 29.Rd5 Nd3
30.Rd7 Qe5 31.Qg4 Nxb2 32.Qh4 h5 33.Bc2 Rbf6 34.h3 R8f7 35.Rxf7 Kxf7 36.f4 Qd4+
37.Qf2 Qxf2+ 38.Rxf2 Nd3 39.Bxd3 cxd3 40.Rd2 Rd6 41.Kf2 h4 42.Ke1 Kf6 43.Ra2 Re6+
44.Kd1 Kf5 45.Ra3 Re2 46.Rxd3 Rxg2 47.Rd4 Rh2 48.Ra4 Rxh3 49.Ke2 Rg3 50.Kf2 a5
51.Rc4 Ra3 52.Kg2 Rb3 53.Ra4 Rb4 54.Rxa5+ Kxf4 55.Kh3 g5 56.Ra3 Re4 57.Ra2 Re3+
58.Kg2 g4 59.Rf2+ Kg5 60.Ra2 h3+ 61.Kh2 Kh4 62.Ra4 Re2+ 63.Kg1 Kg5  0-1

[Event "Donetzk zt"]
[Site "Donetsk"]
[Date "1998.11.06"]
[Round "5"]
[White "Shneider, Aleksandr"]
[Black "Savchenko, Stanislav"]
[Result "1/2-1/2"]
[WhiteElo "2540"]
[BlackElo "2555"]

1.d4 d5 2.c4 c6 3.Nf3 Nf6 4.Nc3 e6 5.e3 Nbd7 6.Bd3 dxc4 7.Bxc4 b5 8.Bd3 Bb7
9.a3 Bd6 10.O-O O-O 11.Bd2 a5 12.Rc1 b4 13.axb4  1/2-1/2

[Event "Escaldes zt"]
[Site "Escaldes"]
[Date "1998.11.06"]
[Round "1"]
[White "Dorfman, Josif D"]
[Black "Van den Doel, Erik"]
[Result "1/2-1/2"]
[WhiteElo "2585"]
[BlackElo "2480"]

1.d4 d5 2.c4 c6 3.Nc3 Nf6 4.Nf3 e6 5.e3 Nbd7 6.Qc2 Bd6 7.Be2 O-O 8.O-O Qe7
9.b3 b6 10.cxd5 cxd5 11.Nb5 Ba6 12.Nxd6 Bxe2 13.Nf5 exf5 14.Qxe2 Rfc8 15.Qa6 Qe8
16.Bd2 Ne4 17.Rfc1 g5 18.Bb4 Qd8 19.Qb7 g4 20.Ne5 Nxe5 21.dxe5 Rab8 22.Qxa7 d4
23.Rd1 Qh4 24.Be1 dxe3 25.fxe3 Qh6 26.Rd3 Nc5 27.Rc3 Ne4 28.Rd3 Nc5 29.Rc3  1/2-1/2

[Event "Wch U18"]
[Site "Oropesa del Mar"]
[Date "1998.11.06"]
[Round "10"]
[White "Johannessen, Leif Erlend"]
[Black "Fontaine, Robert"]
[Result "1-0"]
[WhiteElo "2290"]
[BlackElo "2360"]

1.d4 d5 2.c4 c6 3.Nc3 e6 4.e3 Nf6 5.Nf3 Nbd7 6.Qc2 b6 7.Be2 Bb7 8.O-O Bd6
9.Rd1 O-O 10.e4 Nxe4 11.Nxe4 dxe4 12.Qxe4 Re8 13.Be3 Qc7 14.c5 bxc5 15.dxc5 Nxc5
16.Qc2 Na6 17.Ng5 g6 18.Qa4 Nb4 19.Rxd6 Qxd6 20.Ne4 Qe7 21.Bc5 Qh4 22.Qxb4 a5
23.Qd4 e5 24.Qe3 Kg7 25.Nd6 Reb8 26.Qxe5+ Qf6 27.Qe3 Kg8 28.Bc4 Rf8 29.Nxb7 Qxb2
30.Bd4  1-0

[Event "Wch U18"]
[Site "Oropesa del Mar"]
[Date "1998.11.07"]
[Round "11"]
[White "Halkias, Stelios"]
[Black "Benkovic, Petar"]
[Result "0-1"]
[WhiteElo "2435"]
[BlackElo "2310"]

1.d4 d5 2.c4 c6 3.Nc3 Nf6 4.Nf3 e6 5.e3 Nbd7 6.Qc2 Bd6 7.Bd3 O-O 8.O-O dxc4
9.Bxc4 Qe7 10.Bb3 e5 11.Bd2 b6 12.h3 Ba6 13.Rfd1 e4 14.Ne1 Rac8 15.f3 Rfe8
16.Qb1 c5 17.fxe4 cxd4 18.exd4 Nxe4 19.Nf3 Nxd2 20.Rxd2 Nf6 21.Qf5 Rc7 22.Kh1 Qe3
23.Rdd1 Qf2 24.Re1 Rce7 25.Rxe7 Rxe7 26.Bc4 Bxc4 27.Qc8+ Re8 28.Qxc4 Nh5
29.Qc6 Rd8 30.Ne4 Qxb2 31.Re1 Nf4 32.Nfd2 Bf8 33.Qc7 Ne6 34.Qxa7 Qxd4 35.Rf1 Rd7
36.Qa8 Qe3 37.Qe8 Qd3 38.Rf3 Qd5 39.Nc3 Qxd2 40.Ne4 Qd1+ 41.Kh2 Qd5 42.Re3 Qxe4
43.Qxd7 Qf4+  0-1

[Event "SLO-chT"]
[Site "Bled"]
[Date "1998.11.08"]
[Round "2"]
[White "Brglez, Rado"]
[Black "Truta, Srecko"]
[Result "1-0"]
[WhiteElo "2260"]
[BlackElo "2195"]

1.d4 Nf6 2.Nf3 e6 3.c4 d5 4.Nc3 c6 5.e3 Nbd7 6.Bd3 Bd6 7.e4 dxe4 8.Nxe4 Nxe4
9.Bxe4 h6 10.O-O O-O 11.Bc2 Qf6 12.Qd3 Re8 13.Bd2 Nf8 14.Bc3 Bd7 15.Rfe1 Rad8
16.Ne5 Qe7 17.Re3 Bc8 18.Rae1 Bb4 19.Rf3 Bxc3 20.bxc3 f5 21.c5 Nd7 22.c4 Nxe5
23.Rxe5 Qg5 24.Qf1 g6 25.Bb3 Kf7 26.Rfe3 Re7 27.f4 Qf6 28.Rh3 Kg7 29.Qe1 Rde8
30.Ree3 Rf7 31.Rhg3 Rfe7 32.Bd1 Kf7 33.Rh3 Kg7 34.Reg3 Kh7 35.Re3 g5 36.fxg5 Qxg5
37.Reg3 Qf6 38.Bh5 Rd8 39.Bg6+ Kg7 40.Bxf5+ Kf8 41.Be4  1-0

[Event "USA-ch (Women)"]
[Site "Denver"]
[Date "1998.11.08"]
[Round "9"]
[White "Burtman, Sharon"]
[Black "Khan, Anna"]
[Result "0-1"]
[WhiteElo "2090"]
[BlackElo "2265"]

1.d4 d5 2.c4 c6 3.Nf3 Nf6 4.Nc3 e6 5.e3 Nbd7 6.Qc2 Be7 7.Be2 O-O 8.O-O b6
9.e4 dxe4 10.Nxe4 Bb7 11.Rd1 Qc7 12.Bg5 Rfe8 13.Bd3 h6 14.Bxf6 Nxf6 15.Nxf6+ Bxf6
16.c5 Rad8 17.a4 Qf4 18.Be4 Re7 19.g3 Qc7 20.b4 Red7 21.b5 bxc5 22.dxc5 Bxa1
23.Rxa1 Re7 24.Re1 f5 25.Bxc6 Bxc6 26.bxc6 Rd5 27.Qb2 Qxc6 28.Ne5 Qxc5 29.Rc1 Qd6
30.Rc6 Qxe5  0-1

[Event "ISR-ch"]
[Site "Ramat Aviv"]
[Date "1998.11.08"]
[Round "1.2"]
[White "Zilberman, Yaacov"]
[Black "Erenburg, Sergey"]
[Result "1/2-1/2"]
[WhiteElo "2520"]
[BlackElo "2310"]

1.d4 d5 2.c4 c6 3.e3 Nf6 4.Nc3 e6 5.Nf3 Nbd7 6.Bd3 dxc4 7.Bxc4 b5 8.Be2 Bb7
9.a3 b4 10.Na4 bxa3 11.bxa3 c5 12.dxc5 Nxc5 13.Qxd8+ Rxd8 14.Nxc5 Bxc5 15.Bb2 O-O  1/2-1/2

[Event "Chigorin mem"]
[Site "St. Petersburg"]
[Date "1998.11.08"]
[Round "8"]
[White "Vaulin, Alexander"]
[Black "Evseev, Denis"]
[Result "1-0"]
[WhiteElo "2550"]
[BlackElo "2470"]

1.c4 c6 2.Nf3 d5 3.e3 Nf6 4.Nc3 e6 5.d4 Nbd7 6.Bd3 dxc4 7.Bxc4 b5 8.Be2 Bb7
9.O-O a6 10.e4 c5 11.e5 Nd5 12.Ne4 cxd4 13.a4 bxa4 14.Qxa4 Nb4 15.Nd6+ Bxd6
16.exd6 d3 17.Bd1 a5 18.Ne5 f6 19.Nc4 Bc6 20.Qa3 Bd5 21.Ne3 O-O 22.Nxd5 exd5
23.Be3 Qb8 24.Bf4 Ne5 25.d7 Rd8 26.Bxe5 fxe5 27.Ba4 e4 28.Qc3 Qd6 29.Rae1 h6
30.f3 Qb6+ 31.Kh1 e3 32.Qe5 e2 33.Rg1 Qf6 34.Qe3 Qxb2 35.g4 Qf6 36.g5 hxg5
37.Rxg5 d4 38.Rxg7+ Kxg7 39.Rg1+ Kf8 40.Qe4 e1=Q 41.Rxe1 Ra7 42.Qe8+ Rxe8
43.dxe8=Q+ Kg7 44.Rg1+ Kh6 45.Rg3 Rf7 46.Qg8 Qf5 47.Rh3+ Qxh3 48.Qh8+  1-0

[Event "Chigorin mem"]
[Site "St. Petersburg"]
[Date "1998.11.08"]
[Round "8"]
[White "Shchukin, Dmitry"]
[Black "Ivanov, Sergey"]
[Result "0-1"]
[WhiteElo "2400"]
[BlackElo "2550"]

1.d4 d5 2.c4 e6 3.Nc3 c6 4.e3 Nf6 5.Nf3 Nbd7 6.Qc2 Bd6 7.g4 Bb4 8.Bd2 Qe7
9.g5 Bxc3 10.Bxc3 Ne4 11.Bd3 Nxc3 12.Qxc3 dxc4 13.Bxc4 b6 14.O-O-O Bb7 15.Ne5 Nxe5
16.dxe5 O-O 17.f4 c5 18.Rhf1 Rfd8 19.Bd3 Rd5 20.Qc2 g6 21.h4 Rad8 22.h5 c4
23.Be4 Rxd1+ 24.Rxd1 Rxd1+ 25.Kxd1 Qd7+ 26.Ke2 gxh5 27.Qxc4 Bxe4 28.Qxe4 Qb5+
29.Kf3 Qf1+ 30.Kg3 Qg1+ 31.Kh3 Qf2 32.Qd4 Kg7 33.a4 Qf3+ 34.Kh2 h4 35.Qd8 Qg3+
36.Kh1 Qh3+ 37.Kg1 Qxe3+ 38.Kh1 Qxf4  0-1

[Event "Donetzk zt"]
[Site "Donetsk"]
[Date "1998.11.09"]
[Round "7"]
[White "Maksimenko, Andrei"]
[Black "Savchenko, Stanislav"]
[Result "1/2-1/2"]
[WhiteElo "2500"]
[BlackElo "2555"]

1.d4 d5 2.c4 c6 3.Nc3 Nf6 4.e3 e6 5.Nf3 Nbd7 6.Bd3 dxc4 7.Bxc4 b5 8.Bd3 Bd6
9.O-O O-O 10.b3 Bb7 11.Bb2 a6 12.a4 b4 13.Ne4 Nxe4 14.Bxe4 Nf6 15.Bd3 c5
16.dxc5 Bxc5 17.Rc1 Bd6 18.Qe2  1/2-1/2

[Event "SLO-chT"]
[Site "Bled"]
[Date "1998.11.13"]
[Round "7"]
[White "Podkriznik, Gregor"]
[Black "Kozamernik, Janez"]
[Result "1-0"]
[WhiteElo "2350"]
[BlackElo "2095"]

1.d4 d5 2.c4 c6 3.Nc3 Nf6 4.Nf3 e6 5.e3 Nbd7 6.Qc2 Bd6 7.Bd3 dxc4 8.Bxc4 e5
9.O-O O-O 10.Bd2 Qe7 11.h3 h6 12.Nh4 Nb6 13.Bb3 e4 14.Ng6  1-0

[Event "Donetzk zt"]
[Site "Donetsk"]
[Date "1998.11.13"]
[Round "11"]
[White "Lerner, Konstantin Z"]
[Black "Malakhatko, Vadim"]
[Result "1/2-1/2"]
[WhiteElo "2580"]
[BlackElo "2435"]

1.Nf3 Nf6 2.c4 c6 3.Nc3 d5 4.e3 e6 5.d4 Nbd7 6.Bd3 dxc4 7.Bxc4 b5 8.Bd3 Bb7
9.a3 a6 10.b4 Bd6 11.Ng5 a5 12.Nge4 Be7 13.Rb1 axb4 14.axb4 Nd5 15.Nxd5 exd5
16.Ng3 O-O 17.Nf5 Bf6 18.h4 Nb6 19.h5 Bc8 20.Bc2 Ra2 21.Rb3 g6 22.Nh6+ Kg7
23.Bb1 Ra1 24.Ng4 Bxg4 25.Qxg4 Re8 26.O-O Nc4 27.Bb2 Rxb1 28.Rxb1 Nd2 29.Bc3 Nxb3
30.Rxb3 Qa8 31.Rb1 Qa3 32.Qd7 Qa8 33.Ra1 Qc8 34.Qxc8 Rxc8 35.hxg6 hxg6 36.Ra7 Re8
37.Rc7 Re6 38.Bd2 Bd8 39.Rc8 Bg5 40.g4 f5 41.Rc7+ Kg8 42.Kg2 Bh4 43.gxf5 gxf5
44.Kf3 Bg5 45.Ke2 Bh6 46.Be1 f4 47.Bd2 fxe3 48.fxe3 Kf8 49.Ra7  1/2-1/2

[Event "Donetzk zt"]
[Site "Donetsk"]
[Date "1998.11.13"]
[Round "11"]
[White "Komarov, Dimitri"]
[Black "Novikov, Igor A"]
[Result "1/2-1/2"]
[WhiteElo "2570"]
[BlackElo "2545"]

1.d4 d5 2.c4 e6 3.Nc3 c6 4.e3 Nf6 5.Nf3 Nbd7 6.Bd3 dxc4 7.Bxc4 b5 8.Bd3 Bb7
9.O-O b4 10.Ne4 Be7 11.Qe2 O-O 12.Nxf6+ Nxf6 13.e4 c5 14.dxc5 Rc8 15.a3 bxa3
16.b4 a5 17.Bxa3 axb4 18.Bxb4 Bxc5 19.Bxc5  1/2-1/2

[Event "Donetzk zt"]
[Site "Donetsk"]
[Date "1998.11.13"]
[Round "11"]
[White "Ovsejevitsch, Sergei"]
[Black "Berezin, Oleg"]
[Result "1-0"]
[WhiteElo "2500"]
[BlackElo "2455"]

1.d4 d5 2.c4 c6 3.Nf3 Nf6 4.Nc3 e6 5.e3 Nbd7 6.Qc2 Bd6 7.Bd3 O-O 8.O-O dxc4
9.Bxc4 b5 10.Be2 Bb7 11.Rd1 Qc7 12.e4 e5 13.g3 Rfe8 14.dxe5 Nxe5 15.Nd4 Ng6
16.Bg5 a6 17.Bxf6 gxf6 18.Nf5 Rad8 19.Rac1 Qb8 20.Bf3 Bf8 21.Bg2 Bc8 22.Ne2 Qb6
23.Rxd8 Rxd8 24.Rd1 Rxd1+ 25.Qxd1 Ne5 26.Nf4 Bxf5 27.exf5 Bc5 28.Qe2 Qd8
29.b3 Kf8 30.Be4 Qd4 31.Kg2 Bb6 32.Nh5 Qd6 33.h4 Bd4 34.g4 h6 35.f4 Nd7 36.g5 hxg5
37.hxg5 fxg5 38.fxg5 Bc3 39.Kh3 Bd2 40.Qg4 Ne5 41.Qh4 Qd4 42.Ng3 Be1 43.g6 Bxg3
44.g7+ Kxg7 45.f6+  1-0

[Event "SVK-chT2A 9899"]
[Site "SVK"]
[Date "1998.11.14"]
[Round "3"]
[White "Meszaros, Lorant"]
[Black "Tokos, Jozef"]
[Result "1/2-1/2"]
[WhiteElo "1986"]
[BlackElo "2064"]

1.d4 d5 2.c4 c6 3.Nf3 Nf6 4.Nc3 e6 5.e3 Nbd7 6.Ne5 Nxe5 7.dxe5 Nd7 8.f4 a6
9.Qf3 dxc4 10.Bxc4 Nxe5 11.fxe5 Qh4+ 12.g3 Qxc4 13.Rf1 Bd7 14.Qxf7+ Kd8 15.Qxf8+ Rxf8
16.Rxf8+ Be8 17.Bd2 Ke7 18.Rf4 Qd3 19.Ne4 b6 20.Rd1 c5 21.Bc1 Qb5 22.a3 Bg6
23.Nd6 Qc6 24.e4 Rf8 25.Rg4 Qa4 26.Bg5+ Kd7 27.Rf4 Rxf4 28.gxf4 Kc7 29.Rd2 Bxe4
30.b3 Qxb3 31.Ne8+ Kc6 32.Rd6+ Kb5 33.Nc7+ Ka4 34.f5 Bxf5 35.Nxa6 Qc3+ 36.Kf2 Kxa3
37.Rxb6 Qc2+ 38.Kf3 Qe4+ 39.Kf2 Qxe5 40.Be3 c4 41.Nc5 Qxh2+ 42.Kf3 Qh3+ 43.Kf2 Qh4+
44.Ke2 Bd3+ 45.Kd2 Qh2+ 46.Kc3 Qc2+ 47.Kd4 Qd1 48.Kc3 Qa1+ 49.Kd2 Qa2+ 50.Kc3 Qa1+
51.Kd2 Qa2+ 52.Kc3 Qa1+  1/2-1/2

[Event "AUT-chT2O 9899"]
[Site "AUT"]
[Date "1998.11.15"]
[Round "4"]
[White "Vavrak, Peter"]
[Black "Knoflicek, Ctibor"]
[Result "1-0"]
[WhiteElo "2210"]
[BlackElo "2165"]

1.d4 Nf6 2.Nf3 d5 3.c4 c6 4.e3 e6 5.Nc3 Nbd7 6.Qc2 Bd6 7.Be2 O-O 8.O-O Re8
9.b3 b6 10.Bb2 Bb7 11.Rad1 Qe7 12.e4 Nxe4 13.Nxe4 dxe4 14.Qxe4 Nf6 15.Qh4 c5
16.dxc5 Bxc5 17.Ne5 Rad8 18.Bd3 h6 19.Rfe1 Ne4 20.Rxe4 Bxe4 21.Qxe4 f5 22.Qf3 Qc7
23.Re1 Bd4 24.Bxd4 Rxd4 25.b4 Red8 26.Bc2 Rd2 27.Bb3 Kh7 28.h3 g6 29.Qg3 g5
30.Qf3 Rb2 31.Qh5 Qg7 32.c5 Rdd2 33.Nc4 Rxf2 34.Nxb2 Qxb2 35.Qf7+ Kh8 36.Qe8+ Kg7
37.Qd7+ Kg6 38.Qxe6+ Kh5 39.Bd1+ g4 40.hxg4+ Kg5 41.Qe7+  1-0

[Event "Wch Seniors"]
[Site "Grieskirchen"]
[Date "1998.11.16"]
[Round "8"]
[White "Uhlmann, Wolfgang"]
[Black "Arkhangelsky, Boris"]
[Result "1-0"]
[WhiteElo "2460"]
[BlackElo "2400"]

1.c4 e6 2.Nc3 d5 3.d4 c6 4.e3 Nf6 5.Nf3 Nbd7 6.Qc2 Bd6 7.b3 O-O 8.Be2 b6
9.O-O Bb7 10.e4 Nxe4 11.Nxe4 dxe4 12.Qxe4 Re8 13.Bb2 Qe7 14.Bd3 Nf8 15.Rfe1 Ba3
16.Bc3 Bb4 17.Bxb4 Qxb4 18.Rac1 Red8 19.c5 bxc5 20.dxc5 Qa3 21.Ne5 Ng6 22.Nxf7 Kxf7
23.Qxe6+ Kf8 24.Bxg6 hxg6 25.Rc3 Rd5 26.g4  1-0

[Event "Tanta zt"]
[Site "Tanta"]
[Date "1998.11.16"]
[Round "1"]
[White "Mohamed, Esam Ahmed Nagib"]
[Black "Tahan, Sabri"]
[Result "1/2-1/2"]
[WhiteElo "2455"]
[BlackElo "2225"]

1.d4 d5 2.c4 c6 3.e3 e6 4.Nc3 Nf6 5.Nf3 Bd6 6.Qc2 O-O 7.Bd2 Nbd7 8.e4 dxe4
9.Ng5 e5 10.Ncxe4 Nxe4 11.Nxe4 exd4 12.Nxd6 Qe7+ 13.Qe4 Qxd6 14.O-O-O Nf6
15.Qh4 Bf5 16.f3 c5 17.g4 Bg6 18.b3 a5 19.a4 Qc6 20.Bg2 Rfe8 21.Rhe1 Rxe1
22.Rxe1 Bd3 23.Kb2 Qb6 24.Bf1 Bxf1 25.Rxf1 Qc6 26.g5 Ne8 27.Qf4 Nc7 28.Re1 Ne6
29.Qg4 b6 30.h4 Re8 31.f4 g6 32.f5 gxf5 33.Qxf5 Ng7 34.Rxe8+ Nxe8 35.h5 Qg2
36.Qf4 f5 37.gxf6 Nxf6 38.Qb8+ Kf7 39.Qc7+ Ke8 40.Qe5+ Kf7 41.Qc7+ Ke8 42.Qe5+ Kf7
43.Qc7+ Ke8 44.Qe5+  1/2-1/2

[Event "Wch U20"]
[Site "Calicut"]
[Date "1998.11.18"]
[Round "2"]
[White "Dao Thien Hai"]
[Black "Abdulla, Al Rakib"]
[Result "1/2-1/2"]
[WhiteElo "2580"]
[BlackElo "2350"]

1.d4 d5 2.c4 c6 3.Nf3 Nf6 4.Nc3 e6 5.e3 Nbd7 6.Qc2 b6 7.b3 Bb7 8.Bb2 Be7
9.Bd3 h6 10.O-O O-O 11.Qe2 c5 12.Rad1 Qc7 13.Ne5 dxc4 14.bxc4 cxd4 15.exd4 Nxe5
16.dxe5 Nd7 17.f4 Rfd8 18.Nb5 Qc6 19.Bb1 a6 20.Nd6 Nc5 21.f5 Bxd6 22.exd6 exf5
23.Rxf5 Rxd6 24.Rfd5 Rxd5 25.cxd5 Qa4 26.Rd4 Re8 27.Qd2 Qd7 28.h3 f5 29.Bc2 a5
30.Qf4 Ne4 31.Rd1 Qd6 32.Qxd6 Nxd6 33.Bd4 b5 34.Bb1 g6 35.Bb6 Nc4 36.Bf2 Rd8
37.a4 Nb2 38.Rd2 Nxa4 39.d6 Nc3 40.Bc2 a4 41.d7 Bd5 42.Rd3 b4 43.Bxa4 Nxa4
44.Rxd5 b3 45.Rb5 b2 46.Bd4 Rxd7 47.Bxb2  1/2-1/2

[Event "Wch U20"]
[Site "Calicut"]
[Date "1998.11.19"]
[Round "3"]
[White "Harikrishna, Penteala"]
[Black "Satyapragyan, S."]
[Result "1-0"]
[WhiteElo "2200"]
[BlackElo "2210"]

1.c4 c6 2.Nc3 d5 3.d4 Nf6 4.Nf3 e6 5.e3 Nbd7 6.Bd3 Bd6 7.e4 dxe4 8.Nxe4 Nxe4
9.Bxe4 h6 10.O-O O-O 11.Bc2 e5 12.b4 Bxb4 13.dxe5 Nc5 14.Qe2 Qe7 15.Rb1 Ba5
16.Nd4 Rd8 17.Bb2 Qh4 18.Rbd1 Bg4 19.f3 Be6 20.g3 Qh5 21.g4 Qg5 22.Bc1 Qe7
23.f4 Bc3 24.Be3 Bxd4 25.Bxd4 b5 26.Qe3 Rxd4 27.Rxd4 Bxc4 28.Rfd1 Bd5 29.f5 Re8
30.Rxd5 cxd5 31.Rxd5 Nd7  1-0

[Event "Wch U20"]
[Site "Calicut"]
[Date "1998.11.19"]
[Round "3"]
[White "Halkias, Stelios"]
[Black "Ippolito, Dean"]
[Result "1-0"]
[WhiteElo "2435"]
[BlackElo "2430"]

1.d4 d5 2.c4 c6 3.Nf3 Nf6 4.Nc3 e6 5.e3 Nbd7 6.Qc2 Bd6 7.Bd3 O-O 8.O-O e5
9.cxd5 cxd5 10.e4 exd4 11.Nxd5 Nxd5 12.exd5 h6 13.Nxd4 Qh4 14.Nf3 Qh5 15.Bh7+ Kh8
16.Qf5 g5 17.Re1 Kg7 18.Bd2 Ne5 19.Nxe5 Bxf5 20.Bxf5 Bxe5 21.Rxe5 Rfe8 22.Rxe8 Rxe8
23.g4 Qh3 24.Bc3+ f6 25.d6 Qf3 26.d7 Re2 27.Bxf6+ Kf7 28.Rf1 Re4 29.Bxe4 Qxg4+
30.Bg2 Qxd7 31.Bc3 h5 32.f4 g4 33.Be4 h4 34.Kg2 Qe6 35.Re1 Qxa2 36.f5 b5
37.Rd1 Qa4 38.Rd4 h3+ 39.Kf2 Qa1 40.f6 g3+ 41.hxg3 h2 42.Rd7+ Kf8 43.Bb4+ Ke8
44.Bc6 h1=N+ 45.Kg2  1-0

[Event "Wch Seniors"]
[Site "Grieskirchen"]
[Date "1998.11.19"]
[Round "10"]
[White "Samuelsson, Sven Gunnar"]
[Black "Secula, Victor"]
[Result "1/2-1/2"]
[WhiteElo "2230"]
[BlackElo "2080"]

1.d4 d5 2.c4 c6 3.Nf3 Nf6 4.Nc3 e6 5.e3 Nbd7 6.Qc2 Bd6 7.b3 O-O 8.Be2 dxc4
9.bxc4 e5 10.O-O Re8 11.Bb2 Qe7 12.Rfe1 e4 13.Nd2 Nf8 14.Nf1 Bf5 15.f4 exf3
16.Qxf5 fxe2 17.Rxe2 Ne4  1/2-1/2

[Event "Tanta zt"]
[Site "Tanta"]
[Date "1998.11.19"]
[Round "4"]
[White "Adu, Oladapo"]
[Black "Aikhoje, Odion"]
[Result "1/2-1/2"]
[WhiteElo "2230"]
[BlackElo "2285"]

1.Nf3 d5 2.d4 Nf6 3.c4 c6 4.e3 e6 5.Nc3 Bd6 6.Qc2 Nbd7 7.Bd3 Qe7 8.O-O O-O
9.e4 dxc4 10.Bxc4 e5 11.Be3 exd4 12.Bxd4 Ne5 13.Be2 Nxf3+ 14.Bxf3 Ng4 15.g3 Qg5
16.h3 Ne5 17.Bg2 Qe7 18.f4 Nd7 19.Na4 Rd8 20.Rac1 Nf8 21.Rfd1 Bc7 22.Bc5 Rxd1+
23.Rxd1 Qe8 24.e5 Ng6 25.Nc3 h5 26.Qe4 Ne7  1/2-1/2

[Event "Tanta zt"]
[Site "Tanta"]
[Date "1998.11.19"]
[Round "4"]
[White "Mohsen, Khaled"]
[Black "Tahan, Sabri"]
[Result "1/2-1/2"]
[WhiteElo "2330"]
[BlackElo "2225"]

1.d4 d5 2.c4 c6 3.e3 Nf6 4.Nc3 e6 5.Nf3 Bd6 6.g4 Nbd7 7.g5 Ng8 8.Qc2 Ne7
9.e4 dxc4 10.e5 Bb4 11.Bxc4 Nb6 12.Bd3 Nf5 13.Be3 Nd5 14.Ke2 Be7 15.Nxd5 Qxd5
16.h4 Bd7 17.b4 Bc8 18.Rab1 a6 19.Rhg1 Qd7 20.Rg4 b5 21.a4 Bb7 22.Nd2 O-O
23.h5 a5 24.h6 g6 25.Ne4 axb4 26.Rxb4 Rxa4 27.Rxa4 bxa4 28.Qxa4 Ra8 29.Qb3 Qc8
30.Nc5 Nxe3 31.Kxe3 Bxc5 32.dxc5 Ba6 33.Ra4 Rb8 34.Rb4 Rxb4 35.Qxb4 Bxd3
36.Kxd3 Qd8+ 37.Kc2 Kf8 38.Qb7 Qd5 39.Qb8+ Ke7 40.Qd6+ Ke8 41.Kc3 Qh1 42.Kd2 Qe4
43.Kc3 Qh1 44.Kd4 Qd1+ 45.Ke3 Qe1+ 46.Kf3 Qh1+ 47.Ke2 Qe4+ 48.Kd2 Qb4+ 49.Kd3 Qb1+
50.Kc3 Qc1+ 51.Kd3 Qb1+ 52.Ke3 Qe1+ 53.Kf3 Qh1+ 54.Kf4 Qc1+  1/2-1/2

[Event "Wch U20"]
[Site "Calicut"]
[Date "1998.11.20"]
[Round "4"]
[White "Ippolito, Dean"]
[Black "Neelotpal, Das"]
[Result "1/2-1/2"]
[WhiteElo "2430"]
[BlackElo "2405"]

1.d4 d5 2.c4 c6 3.Nc3 Nf6 4.e3 e6 5.Nf3 Nbd7 6.Bd3 dxc4 7.Bxc4 b5 8.Bd3 Bb7
9.e4 b4 10.Na4 c5 11.e5 Nd5 12.Ng5 Be7 13.Qh5 g6 14.Qh6 Bf8 15.Nxe6 Bxh6
16.Nxd8 Rxd8 17.Bxh6 cxd4 18.Bb5 Ne7 19.O-O Bc6 20.Bxc6 Nxc6 21.Rac1 Rc8
22.e6 fxe6 23.Bg7 Rg8 24.Bxd4 Kf7 25.Be3 Nf6 26.Nc5 Nd5 27.Ne4 Kg7 28.Nd6 Rc7
29.Nb5 Rcc8 30.Nd6 Rc7 31.Nb5 Rcc8 32.Nxa7 Nxa7 33.Bxa7 Ra8 34.Bd4+ Kf7 35.Ra1 Ra4
36.b3 Ra3 37.Rfc1 Rga8 38.Rc2 h6 39.Kf1 g5 40.g3 R3a6 41.Be5 Kg6 42.g4 h5
43.h3 h4 44.Ke2 Kf7 45.Kd3 Ke7 46.Ke4 Ra3 47.f4 gxf4 48.g5 Rg8 49.Rg1 Raa8
50.Rg4 Raf8 51.g6 Rf5 52.g7 Nf6+ 53.Bxf6+ Kxf6 54.Rxh4 Rxg7 55.Rxf4 Rg3 56.Rxf5+ exf5+
57.Kf4 Rc3 58.Rh2 Rc1 59.h4 Rf1+ 60.Ke3 Ke5 61.h5 f4+ 62.Ke2 Rc1 63.Kd2 Ra1
64.Kd3 Rd1+ 65.Kc4 Rd4+ 66.Kb5 f3 67.h6 Rd8 68.h7 Rh8 69.Kxb4 Kd4 70.a4 Ke3
71.Rh6 f2 72.Re6+ Kd2 73.Rf6 Ke2 74.a5 Rxh7 75.Kc4 Rh4+  1/2-1/2

[Event "Wch Seniors"]
[Site "Grieskirchen"]
[Date "1998.11.20"]
[Round "11"]
[White "Arkhangelsky, Boris"]
[Black "Lieb, Harald"]
[Result "1/2-1/2"]
[WhiteElo "2400"]
[BlackElo "2230"]

1.d4 Nf6 2.Nf3 d5 3.c4 c6 4.e3 e6 5.Nc3 Nbd7 6.Bd3 Bd6 7.e4 dxe4 8.Nxe4 Nxe4
9.Bxe4 e5 10.O-O exd4 11.Qxd4 Nf6 12.Rd1 Be7 13.Bc2 Qxd4 14.Nxd4 O-O 15.Bg5 h6
16.Bh4 Bd7 17.Nf5 Bxf5 18.Bxf5 Rad8 19.Bg3 g6 20.Bc2 Rxd1+ 21.Rxd1 Rd8 22.Rxd8+ Bxd8
23.Kf1 Kf8 24.Bb8 a6 25.Bf4 h5 26.h3 Ke8 27.Ke2 Nd7 28.f3 Nc5 29.Be5 Kd7
30.g4 hxg4 31.fxg4 Ne6 32.Be4 Bh4 33.b4 Be7 34.b5 axb5 35.cxb5 cxb5 36.Bxb7 f6
37.Bg3 g5 38.Kf3 Nc5 39.Bd5 Bd6 40.Bf2 Nd3 41.Bd4 Be5 42.Ke4 Bxd4  1/2-1/2

[Event "Wch Seniors"]
[Site "Grieskirchen"]
[Date "1998.11.20"]
[Round "11"]
[White "Shestoperov, Aleksej"]
[Black "Reichenbach, Werner"]
[Result "1-0"]
[WhiteElo "2415"]
[BlackElo "2280"]

1.d4 Nf6 2.c4 e6 3.Nf3 d5 4.Nc3 c6 5.e3 Nbd7 6.Qc2 Bd6 7.Bd3 O-O 8.O-O e5
9.cxd5 cxd5 10.e4 dxe4 11.Nxe4 Nxe4 12.Bxe4 h6 13.Be3 exd4 14.Bxd4 Nf6 15.Bf5 Qa5
16.Bxc8 Rfxc8 17.Qb3 Qd5 18.Rfd1 Qxb3 19.axb3 Bc5 20.Bxf6 gxf6 21.g3 Rc6
22.Rd7 Re8 23.Kf1 Rb6 24.Rc1 Bf8 25.Nd4 Rd6 26.Rxd6 Bxd6 27.Nf5 Bf8 28.g4 a5
29.Rc7 Rb8 30.Kg2 b6 31.Rc6 Kh7 32.Rxf6 Rb7 33.Rc6 b5 34.h4 a4 35.Rc8 Bg7
36.Nxg7 Kxg7 37.Rc5 axb3 38.Kg3 Kf6 39.f3 Rb6 40.Kf4 Kg7 41.h5 b4 42.Rc4 Rf6+
43.Ke3 Re6+ 44.Re4 Rb6 45.Rf4 f5 46.Rxf5 Rc6 47.Rf4 Rc2 48.Rxb4 Rxb2 49.Kf4 Rb1
50.Kf5 b2 51.Rb7+ Kf8 52.Kg6  1-0